Kde hľadať príčiny krízy podniku
O kríze podniku hovoríme vtedy, keď je ohrozená jeho existencia. Príčiny väzia vo vedení podniku, najčastejšie z nich. Ako zvýšiť výkonnosť firmy (medziľudské vzťahy, informácie, účasť na rozhodovaní, podmienky pre angažovanosť atď.). Desať jednoduchých zásad cesty k úspechu.
Na minha lista:
| Autor principal: | |
|---|---|
| Formato: | Capítulo de Livro |
| Idioma: | eslovaco |
| Assuntos: | |
| Tags: |
Sem tags, seja o primeiro a adicionar uma tag!
|
MARC
| LEADER | 00000naa a2200000 4500 | ||
|---|---|---|---|
| 001 | r001017 | ||
| 005 | 20221213114515.1 | ||
| 041 | 0 | |a slo | |
| 044 | |a SK | ||
| 245 | 1 | 0 | |a Kde hľadať príčiny krízy podniku |c J. Bienik |
| 520 | |a O kríze podniku hovoríme vtedy, keď je ohrozená jeho existencia. Príčiny väzia vo vedení podniku, najčastejšie z nich. Ako zvýšiť výkonnosť firmy (medziľudské vzťahy, informácie, účasť na rozhodovaní, podmienky pre angažovanosť atď.). Desať jednoduchých zásad cesty k úspechu. | ||
| 610 | 2 | 0 | |a pokles podniku |
| 610 | 2 | 0 | |a manažment |
| 610 | 2 | 0 | |a rast podniku |
| 610 | 2 | 0 | |a stimulovanie |
| 610 | 2 | 0 | |a vzťahy medziľudské |
| 610 | 2 | 0 | |a informácie |
| 610 | 2 | 0 | |a účasť na riadení |
| 100 | 1 | |a Bienik, J. | |